000 00660nam a2200217 u 4500
005 20240910063938.0
008 090526s2000 es r 000 0 spa d
020 _a8426108644
035 _aUPN01000170676
049 _aI
050 4 _aPZ75
_bB5.23
100 1 _aBlyton, Enid,
_d1897-1968
_931287
245 1 1 _a¡Adelante, siete secretos--! /
_cEnid Blyton ; tr. Ana Balzola.
260 _aBarcelona, Esp. :
_bJuventud,
_c2000.
300 _a126 p. :
_bil.
440 0 _aSiete secretos ;
_v5
534 _pTítulo original:
_tGo ahead secret seven
650 4 _aNiños en la literatura
_914415
650 0 _aHistorias de aventuras
_94131
901 _aLibro
999 _c142781
_d142781